000 00450nam a2200181Ia 4500
005 20250320025224.0
008 240331s9999 xx 000 0 und d
082 _a302.2
_bBAN
_24730
100 _aBandhu, P
245 0 _aDancing to Global Capital Media in India
260 _aMumbai,
_bVikas Adhyayan Kendra
_c2001
300 _a138 p.,
650 _aMedia
650 _aCulture
650 _aCommunication
650 _aDevelopment
942 _cL
999 _c1104
_d1104